[Event "Wch Blitz (Women)"]
[Site "St Petersburg"]
[Date "2018.12.30"]
[Round "15"]
[White "Belova, Olga"]
[Black "Maroroa, Sue Yuchan"]
[Result "1-0"]
[WhiteElo "2069"]
[BlackElo "2120"]
[PlyCount "149"]
[EventDate "2018.12.29"]
[EventType "swiss (blitz)"]
[EventRounds "17"]
[EventCountry "RUS"]
[SourceTitle "CBM 187 Extra"]
[Source "ChessBase"]
[SourceDate "2018.11.04"]
[SourceVersion "1"]
[SourceVersionDate "2018.11.04"]
[SourceQuality "1"]

1. d4 Nf6 2. Nc3 d5 3. Bg5 c5 4. dxc5 e6 5. Na4 Bd7 6. Qd4 Qa5+ 7. Nc3 Nc6 8. Qh4 d4 9. Bxf6 gxf6 10. Qxf6 Rg8 11. Nf3 dxc3 12. Qxc3 Qxc3+ 13. bxc3 Bxc5 14. e4 0-0-0 15. g3 f5 16. Bd3 f4 17. Ke2 e5 18. Bc4 Rg7 19. Bd5 Bg4 20. h3 Bxf3+ 21. Kxf3 Rf8 22. g4 Ne7 23. Be6+ Kc7 24. Rhd1 Nc6 25. Rab1 h5 26. Rd5 Re8 27. Bf5 b6 28. Rbd1 Ree7 29. gxh5 Rg5 30. h6 Rh5 31. h7 Rhxh7 32. Bxh7 Rxh7 33. Rh1 Rh4 34. Ke2 a5 35. a4 Ne7 36. Rxe5 Ng6 37. Rg5 Ne7 38. Rg4 Rh5 39. Rxf4 Nc6 40. Rf7+ Kd6 41. f4 Ke6 42. Rg7 Ne7 43. h4 Kf6 44. Rg5 Rh6 45. h5 Ba3 46. Rb1 Bc5 47. Kf3 Ke6 48. f5+ Kf6 49. Kg4 Be3 50. e5+ Kxe5 51. Re1 Ke4 52. Rg7 Nxf5 53. Rg6 Rh7 54. Re6+ Kd5 55. Kxf5 Rxh5+ 56. Kg6 Rg5+ 57. Kf7 Rf5+ 58. Rf6 Rxf6+ 59. Kxf6 Bc5 60. Rb1 Kc4 61. Rb3 Be3 62. Ke5 Kc5 63. Ke4 Bd2 64. Kd3 Be1 65. Rb5+ Kc6 66. Kc4 Bf2 67. Rf5 Bg1 68. Rf6+ Kc7 69. Kb5 Be3 70. c4 Bg1 71. Rg6 Bf2 72. Rg7+ Kd6 73. Rb7 Ke5 74. Rxb6 Kd4 75. c5 1-0

[Event "Wch Blitz (Women)"]
[Site "St Petersburg"]
[Date "2018.12.30"]
[Round "12"]
[White "Goltseva, Ekaterina"]
[Black "Maroroa, Sue Yuchan"]
[Result "1-0"]
[WhiteElo "2153"]
[BlackElo "2120"]
[PlyCount "37"]
[EventDate "2018.12.29"]
[EventType "swiss (blitz)"]
[EventRounds "17"]
[EventCountry "RUS"]
[SourceTitle "CBM 187 Extra"]
[Source "ChessBase"]
[SourceDate "2018.11.04"]
[SourceVersion "1"]
[SourceVersionDate "2018.11.04"]
[SourceQuality "1"]

1. d4 Nf6 2. c4 g6 3. Nc3 Bg7 4. e4 d6 5. Be2 0-0 6. Bg5 c5 7. dxc5 dxc5 8. Nf3 Nc6 9. 0-0 Nd4 10. e5 Nxe2+ 11. Qxe2 Nh5 12. Rfd1 Qa5 13. Bxe7 Re8 14. Bd6 Bg4 15. Nd5 Kh8 16. Nc7 Rac8 17. Nxe8 Rxe8 18. h3 Bc8 19. Qe3 1-0

[Event "Wch Blitz (Women)"]
[Site "St Petersburg"]
[Date "2018.12.29"]
[Round "1"]
[White "Maroroa, Sue Yuchan"]
[Black "Mamedjarova, Zeinab"]
[Result "0-1"]
[WhiteElo "2120"]
[BlackElo "2338"]
[PlyCount "64"]
[EventDate "2018.12.29"]
[EventType "swiss (blitz)"]
[EventRounds "17"]
[EventCountry "RUS"]
[SourceTitle "CBM 187 Extra"]
[Source "ChessBase"]
[SourceDate "2018.11.04"]
[SourceVersion "1"]
[SourceVersionDate "2018.11.04"]
[SourceQuality "1"]

1. e4 d5 2. exd5 Qxd5 3. Nc3 Qd8 4. d4 Nf6 5. Nf3 e6 6. Bc4 Be7 7. 0-0 0-0 8. Qe2 Nbd7 9. Rd1 a5 10. a4 Nb6 11. Bb3 Nfd5 12. Ne4 Re8 13. c3 h6 14. Bc2 Bf8 15. Qd3 g6 16. h4 Bg7 17. h5 f5 18. Nc5 g5 19. g4 Nf6 20. Nxg5 Nxg4 21. Ngxe6 Bxe6 22. Nxe6 Rxe6 23. Qxf5 Qh4 24. Qxe6+ Kh8 25. Bf4 Qxf2+ 26. Kh1 Qxf4 27. Qe2 Nf2+ 28. Kg2 Nxd1 29. Rxd1 Rg8 30. Bg6 Nd5 31. Qf3 Ne3+ 32. Kf2 Nxd1+ 0-1

[Event "Wch Blitz (Women)"]
[Site "St Petersburg"]
[Date "2018.12.29"]
[Round "2"]
[White "Tomilova, Elena"]
[Black "Maroroa, Sue Yuchan"]
[Result "0-1"]
[WhiteElo "2338"]
[BlackElo "2120"]
[PlyCount "68"]
[EventDate "2018.12.29"]
[EventType "swiss (blitz)"]
[EventRounds "17"]
[EventCountry "RUS"]
[SourceTitle "CBM 187 Extra"]
[Source "ChessBase"]
[SourceDate "2018.11.04"]
[SourceVersion "1"]
[SourceVersionDate "2018.11.04"]
[SourceQuality "1"]

1. d4 Nf6 2. Bg5 d5 3. e3 c5 4. Bxf6 gxf6 5. c3 Nc6 6. Nf3 Qb6 7. Qd2 Bg4 8. Be2 Rg8 9. Na3 0-0-0 10. h3 Bh5 11. 0-0 e5 12. Nh4 Bxe2 13. Qxe2 exd4 14. cxd4 cxd4 15. exd4 Qxd4 16. Nf5 Qf4 17. Qc2 Kb8 18. Nb5 Rg5 19. Ng3 h5 20. Rfe1 h4 21. Nf1 a6 22. Nc3 Bd6 23. Ne2 Qf3 24. g3 hxg3 25. fxg3 Rdg8 26. Qc3 Qf5 27. Kg2 Rh5 28. Qf3 Qxh3+ 29. Kf2 Ne5 30. Nf4 Ng4+ 31. Ke2 Bxf4 32. Qxf4+ Ne5 33. Kd2 Rf5 34. Qd4 Nf3+ 0-1

[Event "Wch Rapid (Women)"]
[Site "St Petersburg"]
[Date "2018.12.27"]
[Round "7"]
[White "Maroroa, Sue Yuchan"]
[Black "Afonasieva, Anna"]
[Result "1-0"]
[WhiteElo "2120"]
[BlackElo "2207"]
[PlyCount "139"]
[EventDate "2018.12.26"]
[EventType "swiss (rapid)"]
[EventRounds "12"]
[EventCountry "RUS"]
[SourceTitle "CBM 187 Extra"]
[Source "ChessBase"]
[SourceDate "2018.11.04"]
[SourceVersion "1"]
[SourceVersionDate "2018.11.04"]
[SourceQuality "1"]

1. e4 c6 2. d4 d5 3. e5 Bf5 4. h4 Qb6 5. Nf3 e6 6. Bd3 Bxd3 7. Qxd3 Qa6 8. Qe3 Nd7 9. Nbd2 c5 10. c3 cxd4 11. cxd4 Ne7 12. Qe2 Qxe2+ 13. Kxe2 Nc6 14. Nb3 h5 15. Bg5 f6 16. exf6 gxf6 17. Be3 Kf7 18. Rac1 Bd6 19. a3 a5 20. Nbd2 e5 21. Nb1 Rhe8 22. Rhd1 e4 23. Ng1 Nb6 24. Nc3 Ke6 25. Nh3 Kf5 26. g3 Rad8 27. Nf4 Bxf4 28. Bxf4 Nc4 29. Rc2 Nb6 30. Bc7 Na8 31. Bxd8 Rxd8 32. Nb5 Nb6 33. Rdc1 a4 34. f3 Nc4 35. Rxc4 dxc4 36. Rxc4 exf3+ 37. Kxf3 Ke6 38. Rxa4 Kd5 39. Nc3+ Kd6 40. Ne4+ Ke7 41. Ke3 f5 42. Ng5 b5 43. Ra6 Nxd4 44. Ra7+ Kf6 45. Rf7+ Kg6 46. Rc7 Rd5 47. b4 Kf6 48. Nh7+ Ke5 49. Ng5 Kf6 50. Nf3 Nxf3 51. Kxf3 Rd3+ 52. Kf4 Rd4+ 53. Ke3 Rg4 54. Rc6+ Ke5 55. Rc5+ Ke6 56. Kf3 Rd4 57. Rxb5 Rd3+ 58. Kf4 Rxa3 59. Re5+ Kd6 60. Rxf5 Rb3 61. b5 Rb4+ 62. Kf3 Rb3+ 63. Kg2 Ke6 64. Rxh5 Kf6 65. Rc5 Kg6 66. Kh3 Rb1 67. Rc6+ Kf5 68. g4+ Kf4 69. Rf6+ Ke4 70. h5 1-0

[Event "Wch Rapid (Women)"]
[Site "St Petersburg"]
[Date "2018.12.26"]
[Round "4"]
[White "Maroroa, Sue Yuchan"]
[Black "Khomeriki, Nino"]
[Result "0-1"]
[WhiteElo "2120"]
[BlackElo "2347"]
[PlyCount "62"]
[EventDate "2018.12.26"]
[EventType "swiss (rapid)"]
[EventRounds "12"]
[EventCountry "RUS"]
[SourceTitle "CBM 187 Extra"]
[Source "ChessBase"]
[SourceDate "2018.11.04"]
[SourceVersion "1"]
[SourceVersionDate "2018.11.04"]
[SourceQuality "1"]

1. e4 e5 2. Nf3 Nc6 3. d4 exd4 4. Nxd4 Bc5 5. Nb3 Bb6 6. Nc3 Nf6 7. Bg5 0-0 8. f3 h6 9. Bh4 g5 10. Bg3 d5 11. Qe2 dxe4 12. Nxe4 Nxe4 13. fxe4 Be6 14. Qh5 Nb4 15. Rc1 Qf6 16. Bd3 Nxd3+ 17. cxd3 Bxb3 18. axb3 Ba5+ 19. Ke2 Qxb2+ 20. Kf3 Qf6+ 21. Ke2 Rad8 22. Rc2 Qa6 23. Rd1 Rfe8 24. Rc4 Qf6 25. Rc2 Qe6 26. Rc5 Bb6 27. Re5 Qc6 28. Rf5 Rxe4+ 29. Kf1 Re7 30. h4 Qg6 31. Qf3 Re3 0-1

[Event "BCF-chT1a 1819 (4NCL)"]
[Site "England"]
[Date "2018.11.10"]
[Round "1.4"]
[White "Maroroa, Sue Yuchan"]
[Black "Smith, Lynda"]
[Result "1-0"]
[WhiteElo "2104"]
[BlackElo "1828"]
[PlyCount "101"]
[EventDate "2018.11.10"]
[EventType "team-tourn"]
[EventRounds "7"]
[EventCountry "ENG"]
[SourceTitle "CBM 187 Extra"]
[Source "ChessBase"]
[SourceDate "2018.11.04"]
[SourceVersion "1"]
[SourceVersionDate "2018.11.04"]
[SourceQuality "1"]
[WhiteTeam "White Rose"]
[BlackTeam "North East England"]
[WhiteTeamCountry "ENG"]
[BlackTeamCountry "ENG"]

1. e4 c5 2. c3 g6 3. d4 cxd4 4. cxd4 d5 5. e5 Nc6 6. Nc3 Bg7 7. h3 Nh6 8. g4 f6 9. f4 fxe5 10. fxe5 0-0 11. Bg2 e6 12. Nf3 b6 13. 0-0 Ba6 14. Rf2 Qd7 15. Be3 Na5 16. b3 Rac8 17. Qd2 Nf7 18. Bf1 Bxf1 19. Raxf1 Nc6 20. Ne1 Qd8 21. Nf3 a5 22. Na4 Qc7 23. Rc1 Rb8 24. Qe2 Rfc8 25. Qb5 Nfd8 26. Rfc2 h6 27. Kg2 g5 28. Bd2 Qb7 29. Be1 Bf8 30. h4 Ba3 31. Rd1 Nf7 32. Qd3 Ne7 33. Rf2 Rf8 34. hxg5 Nxg5 35. Nxg5 hxg5 36. Rf6 b5 37. Nc3 Qd7 38. Bd2 Rxf6 39. exf6 e5 40. fxe7 Qxg4+ 41. Qg3 Qxg3+ 42. Kxg3 Bxe7 43. dxe5 d4 44. Nd5 Bd8 45. Kg4 a4 46. Bxg5 axb3 47. axb3 Bxg5 48. Kxg5 Kf7 49. Kf5 Rh8 50. e6+ Ke8 51. Nf6+ 1-0

[Event "Olympiad Women-43"]
[Site "Batumi"]
[Date "2018.09.25"]
[Round "2.15"]
[White "Espinosa Cancino, Monica"]
[Black "Maroroa, Sue Yuchan"]
[Result "0-1"]
[WhiteElo "1655"]
[BlackElo "2112"]
[PlyCount "128"]
[EventDate "2018.09.24"]
[EventType "team-swiss"]
[EventRounds "11"]
[EventCountry "GEO"]
[SourceTitle "EXT 2020"]
[Source "ChessBase"]
[SourceDate "2019.10.17"]
[SourceVersion "1"]
[SourceVersionDate "2019.10.17"]
[SourceQuality "1"]
[WhiteTeam "Scotland (W)"]
[BlackTeam "England (W)"]
[WhiteTeamCountry "SCO"]
[BlackTeamCountry "ENG"]

1. d4 Nf6 2. c4 g6 3. Nf3 Bg7 4. g3 0-0 5. Bg2 d6 6. 0-0 Nc6 7. Nc3 Rb8 8. b3 a6 9. d5 Na5 10. Bd2 c5 11. dxc6 Nxc6 12. Rc1 h6 13. Ne1 Be6 14. Nd5 Ne8 15. Nd3 Bf5 16. Bc3 Bxc3 17. Nxc3 Qd7 18. Nf4 g5 19. Nfd5 Bh3 20. f4 Bxg2 21. Kxg2 Ng7 22. Qd2 f6 23. Rcd1 b5 24. Ne3 bxc4 25. Qd5+ Qe6 26. Nxc4 Qxd5+ 27. Rxd5 Ne6 28. e3 Nc5 29. Rd2 Rfc8 30. Kf3 a5 31. Ne2 a4 32. bxa4 Rb4 33. Na3 Rxa4 34. Nb5 Ne4 35. Rdd1 Rxa2 36. Kxe4 Rxe2 37. Rc1 d5+ 38. Kf3 Rxh2 39. Rc3 Rb2 40. Rfc1 Rxb5 41. Rxc6 Rxc6 42. Rxc6 gxf4 43. gxf4 Kf7 44. f5 Rb8 45. Rc7 Rd8 46. Rc1 d4 47. Rd1 d3 48. e4 d2 49. Ke3 e6 50. Rxd2 Rxd2 51. Kxd2 exf5 52. exf5 Ke7 53. Ke3 Kd6 54. Kd4 h5 55. Ke4 Kc5 56. Kf4 Kd5 57. Kg3 Ke4 58. Kh4 Kxf5 59. Kxh5 Kf4 60. Kh4 Kf3 61. Kh3 f5 62. Kh2 f4 63. Kg1 Ke2 64. Kh1 f3 0-1

[Event "GBR-ch 105th"]
[Site "Hull"]
[Date "2018.08.03"]
[Round "7"]
[White "Maroroa, Sue Yuchan"]
[Black "McPhillips, Joseph"]
[Result "0-1"]
[WhiteElo "2104"]
[BlackElo "2402"]
[PlyCount "66"]
[EventDate "2018.07.28"]
[EventType "swiss"]
[EventRounds "9"]
[EventCountry "ENG"]
[SourceTitle "CBM 185 Extra"]
[Source "ChessBase"]
[SourceDate "2018.07.29"]
[SourceVersion "1"]
[SourceVersionDate "2018.07.29"]
[SourceQuality "1"]

1. e4 e6 2. d4 d5 3. Nd2 Nf6 4. e5 Nfd7 5. Bd3 c5 6. c3 Nc6 7. Ngf3 h5 8. h3 Be7 9. Qe2 cxd4 10. cxd4 Nb4 11. Nb1 Nxd3+ 12. Qxd3 b5 13. 0-0 a5 14. Nc3 b4 15. Nxd5 Ba6 16. Qb1 exd5 17. e6 Bxf1 18. exd7+ Qxd7 19. Kxf1 0-0 20. Bf4 Qe6 21. Kg1 Qe4 22. Qxe4 dxe4 23. Ne5 Bd6 24. Re1 Rfe8 25. Bg3 Rac8 26. Re2 f6 27. Ng6 Bxg3 28. fxg3 Rc1+ 29. Kf2 e3+ 30. Rxe3 Rc2+ 31. Kf3 Rxe3+ 32. Kxe3 Kf7 33. Nf4 Rxb2 0-1

[Event "GBR-ch 105th"]
[Site "Hull"]
[Date "2018.08.02"]
[Round "6"]
[White "Abdulla, Murad"]
[Black "Maroroa, Sue Yuchan"]
[Result "0-1"]
[WhiteElo "2281"]
[BlackElo "2104"]
[PlyCount "82"]
[EventDate "2018.07.28"]
[EventType "swiss"]
[EventRounds "9"]
[EventCountry "ENG"]
[SourceTitle "CBM 185 Extra"]
[Source "ChessBase"]
[SourceDate "2018.07.29"]
[SourceVersion "1"]
[SourceVersionDate "2018.07.29"]
[SourceQuality "1"]

1. e4 e5 2. Nf3 Nc6 3. Bb5 a6 4. Ba4 Nf6 5. d3 d6 6. c4 g6 7. Nc3 Bg7 8. h3 h6 9. Be3 0-0 10. Qd2 Kh7 11. a3 Nd7 12. Bxc6 bxc6 13. d4 exd4 14. Nxd4 Ne5 15. b3 c5 16. Nde2 Rb8 17. Rb1 f5 18. f4 Nc6 19. e5 Re8 20. exd6 cxd6 21. Nd5 Nd4 22. 0-0 Nxe2+ 23. Qxe2 Bb7 24. Rf3 Bxd5 25. cxd5 Qa5 26. Qd3 Qxa3 27. Bf2 Re4 28. Qc2 Qb4 29. Qa2 a5 30. Rd1 Rbe8 31. Rd2 Bc3 32. Rdd3 Bg7 33. Rd2 h5 34. Kh1 Bc3 35. Rc2 Re1+ 36. Bxe1 Rxe1+ 37. Kh2 Ra1 38. Qxa1 Bxa1 39. Re2 Bd4 40. Re7+ Kh6 41. Re6 h4 0-1

[Event "GBR-ch 105th"]
[Site "Hull"]
[Date "2018.07.31"]
[Round "4"]
[White "Maroroa, Sue Yuchan"]
[Black "Webb, Laurence"]
[Result "0-1"]
[WhiteElo "2104"]
[BlackElo "2306"]
[PlyCount "86"]
[EventDate "2018.07.28"]
[EventType "swiss"]
[EventRounds "9"]
[EventCountry "ENG"]
[SourceTitle "CBM 185 Extra"]
[Source "ChessBase"]
[SourceDate "2018.07.29"]
[SourceVersion "1"]
[SourceVersionDate "2018.07.29"]
[SourceQuality "1"]

1. e4 c6 2. d4 d5 3. e5 Bf5 4. h4 h6 5. g4 Bd7 6. h5 c5 7. c3 Nc6 8. Bg2 e6 9. Ne2 Qb6 10. f4 f6 11. Qd3 0-0-0 12. 0-0 cxd4 13. cxd4 fxe5 14. fxe5 Nxe5 15. Qc3+ Nc6 16. Be3 Nf6 17. Bf3 Bd6 18. a4 Kb8 19. Na3 a6 20. b4 Nxb4 21. Rfb1 Rc8 22. Qd2 a5 23. Nc3 Rhf8 24. Be2 e5 25. Nab5 exd4 26. Nxd6 dxe3 27. Nxc8 Rxc8 28. Qe1 Qd6 29. Nb5 Bxb5 30. axb5 b6 31. Ra4 Nc2 32. Qh4 Ne4 33. Bd3 Nd2 34. Rf1 Nxf1 35. Bxf1 Nb4 36. Qh3 d4 37. Ra1 Qf4 38. Bg2 e2 39. Qh4 Rc1+ 40. Rxc1 Qxc1+ 41. Kh2 Qf4+ 42. Kh1 Qd6 43. Qf2 Qe7 0-1

[Event "Faroes op"]
[Site "Sandavagur"]
[Date "2018.07.07"]
[Round "1"]
[White "Jones, Gawain C B"]
[Black "Maroroa, Sue Yuchan"]
[Result "1-0"]
[WhiteElo "2670"]
[BlackElo "2104"]
[PlyCount "83"]
[EventDate "2018.07.07"]
[EventType "swiss"]
[EventRounds "9"]
[EventCountry "FAI"]
[SourceTitle "CBM 185 Extra"]
[Source "ChessBase"]
[SourceDate "2018.07.29"]
[SourceVersion "1"]
[SourceVersionDate "2018.07.29"]
[SourceQuality "1"]

1. e4 e5 2. Nf3 Nc6 3. Bb5 a6 4. Ba4 Nf6 5. 0-0 Be7 6. Re1 b5 7. Bb3 d6 8. c3 0-0 9. h3 Na5 10. Bc2 c5 11. d4 Qc7 12. d5 Bd7 13. Nbd2 Rfc8 14. b3 b4 15. c4 Nb7 16. Bb2 a5 17. a4 g6 18. Nf1 Nh5 19. Ne3 Nf4 20. Kh2 Qd8 21. Ng1 Qf8 22. g3 Nh5 23. Nf5 Bf6 24. Bc1 Ng7 25. Nh6+ Kh8 26. Ng4 Be7 27. f4 f5 28. exf5 gxf5 29. fxe5 fxg4 30. Rf1 dxe5 31. Rxf8+ Rxf8 32. hxg4 Rf2+ 33. Kh1 Ra6 34. Be3 Rxc2 35. Qxc2 Bxg4 36. Rf1 Nd6 37. Bxc5 Ndf5 38. Bxe7 Rh6+ 39. Bh4 Nxg3+ 40. Kg2 Nxf1 41. Bf2 Nh2 42. Qc1 1-0

[Event "BCF-chT1a 1718 (4NCL)"]
[Site "England"]
[Date "2018.03.17"]
[Round "7.38"]
[White "Maroroa, Sue Yuchan"]
[Black "Varney, Zoe"]
[Result "1/2-1/2"]
[WhiteElo "2103"]
[BlackElo "2042"]
[PlyCount "55"]
[EventDate "2017.11.11"]
[EventType "team-swiss"]
[EventRounds "11"]
[EventCountry "ENG"]
[SourceTitle "EXT 2019"]
[Source "ChessBase"]
[SourceDate "2018.10.10"]
[SourceVersion "1"]
[SourceVersionDate "2018.10.10"]
[SourceQuality "1"]
[WhiteTeam "White Rose"]
[BlackTeam "Oxford"]
[WhiteTeamCountry "ENG"]
[BlackTeamCountry "ENG"]

1. e4 e5 2. Nf3 Nc6 3. d4 exd4 4. Nxd4 Bc5 5. Nxc6 Qf6 6. Qf3 bxc6 7. Nd2 d6 8. Nb3 Bb6 9. a4 a5 10. Bd2 Qxf3 11. gxf3 Ne7 12. Rg1 0-0 13. Be3 Bxe3 14. fxe3 f5 15. e5 f4 16. exd6 cxd6 17. 0-0-0 d5 18. e4 dxe4 19. Bc4+ Kh8 20. fxe4 Ng6 21. Rg5 f3 22. Nxa5 f2 23. b3 c5 24. Rxc5 Bg4 25. Rf1 Bh3 26. Rd1 Bg4 27. Rf1 Bh3 28. Rd1 1/2-1/2

[Event "Bunratty Masters op 25th"]
[Site "Bunratty"]
[Date "2018.02.24"]
[Round "2"]
[White "Maroroa, Sue Yuchan"]
[Black "Prilleltensky, Matan"]
[Result "1/2-1/2"]
[WhiteElo "2102"]
[BlackElo "2195"]
[PlyCount "44"]
[EventDate "2018.02.23"]
[EventType "swiss"]
[EventRounds "6"]
[EventCountry "IRL"]
[SourceTitle "CBM 183 Extra"]
[Source "ChessBase"]
[SourceDate "2018.04.19"]
[SourceVersion "1"]
[SourceVersionDate "2018.04.19"]
[SourceQuality "1"]

1. e4 c5 2. Nf3 e6 3. g3 d5 4. exd5 exd5 5. d4 Nf6 6. Bg2 Be7 7. 0-0 0-0 8. h3 Nc6 9. Nc3 Be6 10. Be3 Ne4 11. dxc5 Nxc3 12. bxc3 Qa5 13. Nd4 Qxc3 14. Rb1 Nxd4 15. Bxd4 Qc4 16. Rxb7 Bxc5 17. c3 Bxd4 18. Qxd4 Rac8 19. Rd1 Qxc3 20. Qxc3 Rxc3 21. Bxd5 Bxd5 22. Rxd5 Ra3 1/2-1/2

[Event "London Classic op"]
[Site "London"]
[Date "2017.12.07"]
[Round "7"]
[White "Maroroa, Sue Yuchan"]
[Black "Derakhshani, Borna"]
[Result "0-1"]
[WhiteElo "2111"]
[BlackElo "2298"]
[PlyCount "90"]
[EventDate "2017.12.02"]
[EventType "swiss"]
[EventRounds "9"]
[EventCountry "ENG"]
[SourceTitle "CBM 182 Extra"]
[Source "ChessBase"]
[SourceDate "2018.02.23"]
[SourceVersion "1"]
[SourceVersionDate "2018.02.23"]
[SourceQuality "1"]

1. e4 c6 2. d4 d5 3. e5 Bf5 4. h4 h5 5. Bd3 Bxd3 6. Qxd3 Qa5+ 7. Nc3 e6 8. Nh3 Ne7 9. Bd2 Qa6 10. Qxa6 Nxa6 11. Ne2 Nf5 12. Ng5 Rc8 13. a3 c5 14. c3 Nb8 15. Nf3 Nd7 16. Ng3 Ne7 17. 0-0 c4 18. Rfe1 Nc6 19. Nf1 b5 20. Rab1 Nb6 21. Re3 Be7 22. Ng5 Bxg5 23. hxg5 g6 24. Rh3 Ke7 25. Ne3 a5 26. Kf1 Rb8 27. Ke2 b4 28. Nc2 bxa3 29. Nxa3 Na4 30. Bc1 Rb3 31. Kd1 Rhb8 32. Kc2 Kd7 33. f3 R3b7 34. Rh2 Nb4+ 35. cxb4 axb4 36. Nxc4 b3+ 37. Kd1 dxc4 38. Bd2 Kc6 39. g4 hxg4 40. fxg4 Kd5 41. Bc3 Nxc3+ 42. bxc3 Ra7 43. Rh7 Ra2 44. Ke1 Rba8 45. Kd1 Rf2 0-1

[Event "London Classic op"]
[Site "London"]
[Date "2017.12.06"]
[Round "6"]
[White "Frank, Tena"]
[Black "Maroroa, Sue Yuchan"]
[Result "0-1"]
[WhiteElo "1944"]
[BlackElo "2111"]
[PlyCount "54"]
[EventDate "2017.12.02"]
[EventType "swiss"]
[EventRounds "9"]
[EventCountry "ENG"]
[SourceTitle "CBM 182 Extra"]
[Source "ChessBase"]
[SourceDate "2018.02.23"]
[SourceVersion "1"]
[SourceVersionDate "2018.02.23"]
[SourceQuality "1"]

1. d4 Nf6 2. c4 g6 3. Nc3 Bg7 4. e4 d6 5. h3 0-0 6. Be3 e5 7. d5 Na6 8. Nf3 Nh5 9. g3 Qe8 10. Be2 f5 11. exf5 gxf5 12. Nh4 Nf6 13. Qc2 Nb4 14. Qb1 f4 15. gxf4 exf4 16. Bd2 f3 17. Nxf3 Nfxd5 18. Kf1 Nf4 19. Bxf4 Rxf4 20. a3 Na6 21. Qc1 Qf7 22. Qd1 c6 23. Rc1 Bd7 24. Kg2 Qg6+ 25. Kf1 Raf8 26. Rh2 Nc5 27. Rg2 Bxh3 0-1

[Event "London Classic op"]
[Site "London"]
[Date "2017.12.04"]
[Round "4"]
[White "Maroroa, Sue Yuchan"]
[Black "Stany, George Anthony"]
[Result "0-1"]
[WhiteElo "2111"]
[BlackElo "2502"]
[PlyCount "110"]
[EventDate "2017.12.02"]
[EventType "swiss"]
[EventRounds "9"]
[EventCountry "ENG"]
[SourceTitle "CBM 182 Extra"]
[Source "ChessBase"]
[SourceDate "2018.02.23"]
[SourceVersion "1"]
[SourceVersionDate "2018.02.23"]
[SourceQuality "1"]

1. e4 e5 2. Nf3 Nc6 3. d4 exd4 4. Nxd4 Nf6 5. Nxc6 bxc6 6. e5 Qe7 7. Qe2 Nd5 8. c4 Ba6 9. b3 g6 10. Ba3 Nb4 11. Bb2 Bg7 12. a3 Nd5 13. Nd2 0-0 14. 0-0-0 d6 15. Qf3 Nb6 16. exd6 Bxb2+ 17. Kxb2 cxd6 18. Ne4 Rab8 19. Ka2 Qe5 20. Nf6+ Kh8 21. Ng4 Qg7 22. Qf6 Rfd8 23. Qxg7+ Kxg7 24. c5 Bxf1 25. Rhxf1 dxc5 26. Ne3 Nd5 27. Kb2 a5 28. Nxd5 cxd5 29. Kc3 Rb6 30. Rfe1 Rdb8 31. Rxd5 Rxb3+ 32. Kc4 Rxa3 33. Re2 Rb4+ 34. Kxc5 Rc3+ 35. Kd6 a4 36. Ra5 a3 37. Ra2 Kf6 38. Kd5 Rd3+ 39. Kc5 Rbb3 40. Kc4 h5 41. h4 Rbc3+ 42. Kb4 Rc7 43. R2xa3 Rd4+ 44. Kb5 Rf4 45. Ra6+ Kg7 46. f3 Rxh4 47. Ra2 Rhc4 48. Rd6 Rc2 49. Rd2 Rb7+ 50. Ka6 Rxa2+ 51. Rxa2 Rb1 52. Rc2 Kf6 53. Ka5 Kg5 54. Rc7 f5 55. g3 Rb3 0-1